000 00482nam a2200181Ia 4500
008 240925s9999 xx 000 0 und d
020 _aNA
082 _a515.7 KOL
100 _aKolmogorov ,A.N
245 0 _aElements of The Theory of Functions and Functional Analysis
250 _aNA
260 _aLondon:
_bPrentice, Hall
_cNA
300 _ax,156p.
_b1
_fOriginal
500 _aIncludes Index
600 _aHumanities & Natural Science
650 _aMathematics
942 _cBK
999 _c3852
_d3852